İçeriği atla
Inicio
Centros participantes
Catálogo
Servicios
Contacto
Giriş
English
Deutsch
Español
Français
Italiano
日本語
Nederlands
Português
Português (Brasil)
中文(简体)
中文(繁體)
Türkçe
עברית
Gaeilge
Cymraeg
Ελληνικά
Català
Euskara
Русский
Čeština
Suomi
Svenska
polski
Dansk
slovenščina
اللغة العربية
বাংলা
Galego
Tiếng Việt
Hrvatski
हिंदी
Հայերէն
Українська
Sámegiella
Dil
Tüm Alanlar
Materyal Adı
Yazar
Konu
Yer Numarası
ISBN/ISSN
Etiket
Ara
Gelişmiş
La integración económica centr...
Alıntıla
E-posta Gönder
Yazdır
Kaydı İhraç Et
İhraç Et RefWorks
İhraç Et EndNoteWeb
İhraç Et EndNote
Favorilerime ekle
Kalıcı bağlantı
İlk derecelendirmeyi ekleyin
La integración económica centroamericana; resumen crítico
Kaydedildi:
Detaylı Bibliyografya
Yazar:
Torres Rivas, Edelberto
Materyal Türü:
Metin
Baskı/Yayın Bilgisi:
San José:
CSUCA
Etiketler:
Etiketle
Etiket eklenmemiş, İlk siz ekleyin!
Erişim Bilgileri
Diğer Bilgiler
Yorumlar
Benzer Materyaller
MARC Görünümü
MARC
LEADER
00000 a a2200000 04500
001
20381
003
040
|a
CRAI/IIS
|c
CRAI/IIS
090
|a
085000
100
|a
Torres Rivas, Edelberto
245
|a
La integración económica centroamericana; resumen crítico
260
|a
San José:
|b
CSUCA
300
|a
24 p.
999
|c
4420
|d
4420
Benzer Materyaller
La fetichización de la autonomía universitaria en Centro América
Yazar:: González, Vinicio
La región Pacífico Sur: estudio económico y social /
Yazar:: Steffen, Cristina
Historia documentada de las negociaciones para la celebración del tratado de 1926
Yazar:: Alfaro, Ricardo
Demografía guatemalteca 1960-1976: una bibliografía anotada
Yazar:: Arias De Blois, Jorge
Patentes de invención en Costa Rica: un enfoque económico, avance de investigación
Yazar:: Weisleder Weisleder, Saúl